书目信息 |
| 题名: |
初中英语生学总复习重难点新题型精练
|
|
| 作者: | 方明 编著 | |
| 分册: | ||
| 出版信息: | 北京 气象出版社 |
|
| 页数: | 170页 | |
| 开本: | 19cm | |
| 丛书名: | ||
| 单 册: | ||
| 中图分类: | G633.41 | |
| 科图分类: | ||
| 主题词: | 教育--各级 | |
| 电子资源: | ||
| ISBN: | 7-5029-1531-1 | |
| 000 | 00609nam0 2200193 45 | |
| 001 | 0405061623 | |
| 005 | 20040506163838.0 | |
| 010 | @a7-5029-1531-1@dCNY8.20 | |
| 100 | @a20040506d km y0chiy0120 ea | |
| 101 | 0 | @achi |
| 105 | @a z 000yy | |
| 200 | 1 | @a初中英语生学总复习重难点新题型精练@AChu Zhong Ying Yu Sheng Xue Zong Fu Xi Zhong Nan Dian Xin Ti Xing Jing Lian@f方明等编著@FFang Ming Deng Bian Zhu |
| 210 | @a北京@c气象出版社 | |
| 215 | @a170页@d19cm | |
| 606 | 0 | @a教育@x各级 |
| 690 | @aG633.41@v3 | |
| 701 | 0 | @a方明@4编著 |
| 801 | @aCN@bPftUser@c20040506 | |
| 905 | @f2@b274940-941@dG633.41@e100 | |
| 初中英语生学总复习重难点新题型精练/方明等编著.-北京:气象出版社 |
| 170页;19cm |
| ISBN 7-5029-1531-1:CNY8.20 |
| ● |
| 相关链接 |
|
|
|
|
正题名:初中英语生学总复习重难点新题型精练
索取号:G633.41/100
 
预约/预借
| 序号 | 登录号 | 条形码 | 馆藏地/架位号 | 状态 | 备注 |
| 1 | 0274939 | 000251961 | 第一样本阅览室/ [索取号:G633.41/100] | 在馆 | |
| 2 | 0274940 | 000251943 | 密集书库/ [索取号:G633.41/100] | 在馆 | |
| 3 | 0274941 | 000251952 | 密集书库/ [索取号:G633.41/100] | 在馆 |